000 00533nam a22001932 4500
001 0000002810
005 20170406114523.0
008 140407s xx 000 0 eng d
020 _a9780232511802 :
_c$
040 _aYour Holding Symbol
_cYour Holding Symbol
100 1 _aKee Clark Howard.
245 1 4 _aThe living world of the new testament.
250 _a ed.
260 _aNew jersey :
_bDarton,
_c1957.
300 _a492 p. ;
_c cm.
504 _aindex.
650 0 _anew testamen5t.
908 _a140407
999 _c2695
_d2695